Word Scramble- Video Games - Statistics

General Stats
  • This quiz has been taken 667 times
  • The average score is 15 of 20
Answer Stats
Hint Answer % Correct
acp-nma pac-man
96%
dgarn hetft taou grand theft auto
93%
lacl fo uydt call of duty
92%
het satl fo su the last of us
92%
sasinsass eerdc assassins creed
91%
iaff fifa
90%
desiernt veil resident evil
86%
eden rfo pesed need for speed
84%
persu rimao sobr super mario bros
80%
dre ddae tempniored red dead redemption
79%
fzroa forza
78%
necmiftra minecraft
76%
lhoa halo
74%
sams ftcfee mass effect
72%
crafyr farcry
71%
nalif anfsyta final fantasy
69%
het geldne fo ldaze the legend of zelda
68%
llutofa fallout
55%
dmaned madden
40%
ttbleialdef battlefield
35%
No matching quizzes found
Score Distribution
Percent of People with Each Score
Percentile by Number Answered
Your Score History
You have not taken this quiz